Tartuffe Characters Quiz Stats

 Plays Quiz not verified by Sporcle

Challenge
Share
Tweet
Embed
Score 0/10 Timer 01:00
0 Plays Today
Description Character % Correct
Angry dadOrgon
83%
Biggest creeper everTartuffe
80%
Sassy servantDorine
76%
Guy who's kicked out of houseDamis
75%
Tartuffe's pleasureElmire
70%
Uncle to the dumb girlCleante
70%
Fiance to the dumb girlValere
62%
Dumb as a sack of rocksMariane
55%
Nagging old hagMadame Pernelle
55%
Mute servantFlipotte
23%

You're not logged in!

Compare scores with friends on all Sporcle quizzes.
OR
Log In

You Might Also Like...

Show Comments

Extras

Created Jan 27, 2012ReportNominate
Tags:character, description

Top Quizzes Today


Score Distribution

Your Account Isn't Verified!

In order to create a playlist on Sporcle, you need to verify the email address you used during registration. Go to your Sporcle Settings to finish the process.

Report this User

Report this user for behavior that violates our Community Guidelines.

Details: